000 00484nam a2200193 a 4500
001 1762347390805
003 ACL
005 20251105182810.0
008 251105s1998##################000#0#eng##
020 _a9780750670586
082 0 4 _a658.3124
_bCOR
100 1 _aCortada, James W.,
_eauthor.
245 1 0 _aRise of the Knowledge Worker :
260 _bRoutledge,
_c1998.
300 _a264 pages
650 0 _aBusiness & Economics.
942 _cENGLISH
040 _aACL
_beng
_cACL
999 _c595930
_d595930